| 000 | 00925cam a2200325 4500 | ||
|---|---|---|---|
| 001 | ABS63143 | ||
| 008 | 000000n2000 000 0 eng u | ||
| 035 | _a(Sirsi) u109724 | ||
| 245 | _aRegional Survey: Midtown | ||
| 260 | _c2000 | ||
| 490 |
_aProperty Week _v65(47) 1 December 2000, 61-72(6) |
||
| 590 | _aABS | ||
| 650 | _aMIDTOWN | ||
| 650 | _aLONDON | ||
| 650 | _aCENTRAL LONDON | ||
| 650 | _aHOLBORN | ||
| 650 | _aKINGSWAY | ||
| 650 | _aCHANCERY LANE | ||
| 650 | _aSTRAND | ||
| 650 | _aCOVENT GARDEN | ||
| 650 | _aPROPERTY-COMMERCIAL PROPERTY-OFFICE PROPERTY-OFFICE PROPERTY MARKET | ||
| 650 | _aOFFICE SPACE | ||
| 650 | _aINVESTMENT MARKET | ||
| 650 | _aOFFICE RENTS | ||
| 650 | _aFORECASTS | ||
| 650 | _aLEISURE MARKET | ||
| 650 | _aPROPERTY-COMMERCIAL PROPERTY-RETAIL PROPERTY-RETAIL PROPERTY MARKET | ||
| 690 | _aPROPERTY-COMMERCIAL PROPERTY-COMMERCIAL PROPERTY MARKET | ||
| 942 | _n0 | ||
| 999 |
_c65492 _d65492 |
||